Indian socialist thinkers (Record no. 394937)

MARC details
000 -LEADER
fixed length control field 00554 a2200217 4500
005 - DATE & TIME
control field 20260206114019.0
008 - FIXED-LENGTH DATA ELEMENTS--GENERAL INFORMATION
fixed length control field 260206b |||||||| |||| 00| 0 eng d
020 ## - ISBN
International Standard Book Number 9789392262524
Price Rs. 2150.00
040 ## - CATALOGING SOURCE
Original cataloging agency VIVEKANANDA LIBRARY
082 ## - DDC NUMBER
Classification number 320.5330954
Book Number N167I
100 ## - MAIN ENTRY--PERSONAL NAME
Personal name Narender Kumar
245 ## - TITLE STATEMENT
Title Indian socialist thinkers
250 ## - EDITION STATEMENT
Edition statement
260 ## - PUBLICATION, DISTRIBUTION, ETC. (IMPRINT)
Name of publisher, distributor, etc Book Enclave
Date of publication, distribution, etc 2023
Place of publication, distribution, etc Jaipur
300 ## - PHYSICAL DESCRIPTION
Pages iv, 277
650 ## - Subject
Subject Political Science
650 ## - Subject
Subject Social Science
650 ## - Subject
Subject Socialism India
650 ## - Subject
Subject Socialist Movements
942 ## - ADDED ENTRY ELEMENTS (KOHA)
Koha item type Books
Holdings
Withdrawn status Lost status Source of classification or shelving scheme Damaged status Not for loan Location (home branch) Sublocation or collection (holding branch) Shelving location Date acquired Koha issues (times borrowed) Koha full call number Accession No. Koha date last seen Koha item type
    Dewey Decimal Classification     VIVEKANANDA LIBRARY VIVEKANANDA LIBRARY Vivekananda Library 22/01/2026   320.5330954 N167I 444461 22/01/2026 Books
© Designed and Maintained by Vivekananda Library, MDU Rohtak